|
|
|
|
| LEADER |
00000nab a2200000 a 4500 |
| 001 |
vtls000922388 |
| 003 |
SK-MaSNL |
| 005 |
20260426063611.0 |
| 008 |
040720e19971021xo 0 slo |
| 035 |
|
|
|a KE31265
|
| 040 |
|
|
|a KEVKJB
|b slo
|c KEVKJB
|e AACR2
|
| 041 |
0 |
|
|a slo
|
| 044 |
|
|
|a xo
|c SK
|
| 080 |
|
|
|a 796.8
|2 1981
|
| 100 |
1 |
|
|a Žigalová, Marietta,
|d 1968-
|4 aut
|9 14376
|
| 245 |
1 |
0 |
|a Napodobnila svojho manžela
|b Marietta Žigalová by bola sklamaná, keby nezískala medailu
|
| 590 |
|
|
|a Žigalová, Marietta
|b fitnesska, majsterka Európy, sveta
|
| 600 |
1 |
7 |
|a Žigalová, Marietta,
|d 1968-
|2 KEVKJB
|9 14376
|
| 611 |
1 |
7 |
|a 15.majstrovstvá sveta v kulturistike žien a miešaných párov
|2 KEVKJB
|9 1287173
|
| 650 |
0 |
7 |
|a fitnes
|2 KEVKJB
|9 31481
|
| 650 |
0 |
7 |
|a osobnosti
|2 KEVKJB
|9 29820
|
| 650 |
0 |
7 |
|a medaila strieborná
|2 KEVKJB
|9 878712
|
| 650 |
0 |
7 |
|a informácie
|2 KEVKJB
|9 1285
|
| 651 |
|
7 |
|a Košice (Slovensko)
|2 KEVKJB
|9 18694
|
| 651 |
|
7 |
|a Bratislava (Slovensko)
|2 KEVKJB
|9 14568
|
| 651 |
|
7 |
|a KE,
|2 KEVKJB
|9 877256
|
| 655 |
|
7 |
|a periodikum
|2 snkbucl
|9 29553
|
| 773 |
0 |
8 |
|t Šport
|g Roč. 51
|g Roč. 20, č.242, 21.10.1997, s. 2
|
| 852 |
|
|
|a ZVYKNI
|b KIS3GCP
|
| 999 |
|
|
|c 2557921
|d 2559851
|